000 00927nac a22002777a 4500
001 BR6006247
003 BR-BrBNA
005 20240105113144.0
008 230509b bl.|||m| |||| 00| 0 por d
040 _aBR-BrBNA
_bpor
_cBiblioteca Nacional de Agricultura
072 _aL00; F00
090 _aL00 BR6006247
110 1 _aDiretoria Estadual do Ministerio da Agricultura no Ceara, Fortaleza (Brasil)
_93441
245 1 _aRelatorio 1970 [Diretoria Estadual do Ministerio da Agricultura no Ceara; Brasil]
260 3 _aFortaleza, CE (Brasil):
_c1970.
300 _a86 p.
490 _aRelatorio - Diretoria Estadual do Ministerio da Agricultura no Ceara (Brazil)
_v
_x
650 _aAGRICULTURA
650 _aPECUARIA
650 _aDEFESA VEGETAL
650 _aDEFESA ANIMAL
650 _aPROJETO DE DESENVOLVIMENTO
650 _aCEARA
909 _a202312
_bLúcia Elande
_c55
_dLúcia Elande
942 _2AGRIS
_n0
_cMS
999 _c262195
_d262195